000 00628nam a22002057a 4500
005 20251108173326.0
008 250721s1998 xx 000 0 ara d
020 _a9772763990
082 1 4 _aط/ 594
100 1 _aمتولي، سمير
245 1 0 _aمن عمق البحار الهمس بالأسرار /
264 1 _aالقاهرة :
_bالمكتب العربي للمعارف،
_c1998.
300 _a10ص.
490 0 _aهوايات و معارف
650 1 7 _aالقواقع المائية
650 1 7 _aالهوايات
653 _aناشئون صغار (10-14 سنة)
942 _2ddc
_cBK
999 _c101283
_d101283